Регионална библиотека "Любен Каравелов" - Русе

Лунна разходка (Запис номер 119969)

MARC детайли
000 -Лидер
Контролно поле с фиксирана дължина 02123nam a2200457 c 4500
003 - Код на организацията, давaща контролен номер
Контролно поле BLK
005 - Дата и час на последна редакция
Контролно поле 20180913164909.0
008 - Елементи от данни с фиксирана дължина
fixed length control field 180409b bul|||||r ||||||| ||bul||
010 ## - Наследен системен номер
LC control number KNG00125585000
040 ## - Източник на каталожния запис
Идентификатор на билиотеката - собственик на записа BLK
041 ## - Код за език
Код за езика на текст/звукозапис или на отделно заглавие Български
Код за езика КДБФ Български
080 ## - УДК
Текстов определител УДК Други видове песни. Изпълнители
УДК код - определител по УДК 784.7.071.2
УДК определител (73)(092)
УДК - код + определител 784.7.071.2(73)(092)
080 ## - УДК
Текстов определител УДК Американски поп певец
УДК код - определител по УДК 929 Джексън, Майкъл Джоузеф
УДК определител
УДК - код + определител 929 Джексън, Майкъл Джоузеф
100 1# - Редна дума - Автор
Автор Джаксън, Майкъл
Авторска отговорност първи автор
R(LIN) 316416
139 ## - Редно поле
Редна дума Джексън, Майкъл Джоузеф
Авторски знак Дже - Д 50
245 10 - Сведения за заглавието
Заглавие Лунна разходка
Подзаглавни данни Автобиогр.
Редно поле (дума) * Майкъл Джоузеф Джексън; Майкъл Джаксън; прев. от англ. Жана Гергинова.
257 ## - Страна на издаване
Страна на създаване/издаване Съединени американски щати
260 ## - Област на издателските данни
-- София
Име на издателя, разпространителя и проч. Музика
Година на издаване 1990
300 ## - Физическа характеристика
Страници 136 с.
Илюстрации и др. с ил., 28 л. ил., портр.
Размери/Мащаб 23 см
380 ## - Жанр
Жанр Изкуство
500 ## - Общи забележки
Забележка Авт. е известен като Майкъл Джексън. - Ориг. загл. Moonwalk / Michael Jacson. - Доп. тир. 1991.
600 14 - Име на лице, използвано като предмет
За него / За нея Джексън, Майкъл
9 (RLIN) 302607
650 #4 - Допълнително описание по предмет – тема
Основно описание – тема или топоним Джексън, Майкъл Джоузеф
9 (RLIN) 153299
650 #4 - Допълнително описание по предмет – тема
Основно описание – тема или топоним Попмузика, американска
9 (RLIN) 265310
650 #4 - Допълнително описание по предмет – тема
Основно описание – тема или топоним Попизпълнители
9 (RLIN) 167151
650 #4 - Допълнително описание по предмет – тема
Основно описание – тема или топоним Музикални изпълнители, американски
9 (RLIN) 257155
650 #4 - Допълнително описание по предмет – тема
Основно описание – тема или топоним Естрадни изпълнители, американски
9 (RLIN) 257156
651 #4 - Допълнително описание по предмет - топоним
Географско понятие САЩ
9 (RLIN) 179493
653 ## - Ключова дума – ненормативна
Ключова дума Майкъл Джексън
653 ## - Ключова дума – ненормативна
Ключова дума попизпълнители
653 ## - Ключова дума – ненормативна
Ключова дума попмузика
653 ## - Ключова дума – ненормативна
Ключова дума автобиографии
653 ## - Ключова дума – ненормативна
Ключова дума музикални изпълнители
700 1# - Други автори (авторска отговорност)
Лично име Джексън, Майкъл Джоузеф
Автороска отговорност (Описва отношението между автора и произведението) *
9 (RLIN) 153299
700 1# - Други автори (авторска отговорност)
Лично име Гергинова, Жана
Автороска отговорност (Описва отношението между автора и произведението) прев. от англ.
9 (RLIN) 316417
852 ## - Местоположение
Форматна сигнатура Цб 165518
856 4# - Електронен адрес и достъп
Електронен формат pdf - файл
Път до файла /url/
856 4# - Електронен адрес и достъп
Електронен формат pdf - файл
Път до файла /url/
942 ## - АРТИКУЛИ
Вид на библиотечния материал Книги
Скрит в OPAC Не
Koha issues (borrowed), all copies 3
944 ## - СЪЗДАВАНЕ И РЕДАКЦИЯ на ЗАПИСА
Създаване/Редакция Създаване
Дата на регистрацията/редакция 09.09.2011
Статус, дата на статуса ф / 09.09.2011
Служител, извършил регистрацията/редакцията Ирена_Линкова
944 ## - СЪЗДАВАНЕ И РЕДАКЦИЯ на ЗАПИСА
Създаване/Редакция Редакция
Дата на регистрацията/редакция 24.01.2015
Статус, дата на статуса ф / 09.09.2011
Служител, извършил регистрацията/редакцията Ирена_Линкова
999 ## - СИСТЕМНИ КОНТРОЛНИ НОМЕРА
Koha biblionumber 119969
Koha biblioitemnumber 119969
Наличности
Код за отписване Код за изгубен артикул Източник на класификационната схема Код за повреда Коз за рестрикции Код за отдаване Артикулен № Име на библиотеката - собственик Име на библиотеката, в която се намира в момента Статус (Текущо местоположение) Дата на вписване в системата Местоположение - отдел Цена в лева Инвентарен номер Систематично азбучна сигнатура Баркод Номер на екземпляра Цена в евро Служебна бележка Служебен тип на артикула
Изтеглен Не е изгубен Universal Decimal Classification Не е повреден без рестрикции заемане за дома 193510 Регионална библиотека "Любен Каравелов" Русе Регионална библиотека "Любен Каравелов" Русе Отдел Изкуство - подръчен фонд 2011-09-07 Отдел Изкуство - подръчен фонд 5.00 752867 784.7(092)/Д 50 120000752867 1 2.56 Дост: DA Вид: А N: 14 Дата: 07.09.2011 Книги
  Не е изгубен Universal Decimal Classification Не е повреден без рестрикции заемане за дома 193511 Регионална библиотека "Любен Каравелов" Русе Регионална библиотека "Любен Каравелов" Русе Отдел Изкуство - подръчен фонд 1990-01-01 Отдел Изкуство - подръчен фонд 5.00 543222 784.7(092)Д 50 120000543222 2 2.56 Дост: Pk Вид: Ф N: стар фонд Дата: 01.01.1990 Дата инв: 21.06.2012 Бележки инв: * Книги
  Не е изгубен Universal Decimal Classification Не е повреден само за читалня ползва се в читалня 193512 Регионална библиотека "Любен Каравелов" Русе Регионална библиотека "Любен Каравелов" Русе Хранилище 1990-01-01 Хранилище 5.00 547879 Цб 165518 120000547879 3 2.56 Дост: Dp Вид: Д N: стар фонд Дата: 01.01.1990 Книги
  Не е изгубен Universal Decimal Classification Не е повреден без рестрикции заемане за дома 193513 Регионална библиотека "Любен Каравелов" Русе Регионална библиотека "Любен Каравелов" Русе Отдел Изкуство - подръчен фонд 1990-01-01 Отдел Изкуство - подръчен фонд 5.00 543219 784.7(092)/Д 50 120000543219 4 2.56 Дост: Pk Вид: Ф N: стар фонд Дата: 01.01.1990 Дата инв: 06.04.2017 Бележки инв: ИП2017 Книги
  Не е изгубен Universal Decimal Classification Не е повреден без рестрикции заемане за дома 193514 Регионална библиотека "Любен Каравелов" Русе Регионална библиотека "Любен Каравелов" Русе Отдел Изкуство - подръчен фонд 1990-01-01 Отдел Изкуство - подръчен фонд 5.00 543221 784.7(092)/Д 50 120000543221 5 2.56 Дост: Pk Вид: Ф N: стар фонд Дата: 01.01.1990 Дата инв: 05.04.2017 Бележки инв: ИП2017 Книги
Изтеглен Не е изгубен   Не е повреден без рестрикции заемане за дома 193515 Регионална библиотека "Любен Каравелов" Русе Регионална библиотека "Любен Каравелов" Русе Отчислена 1990-01-01 Отдел Изкуство - подръчен фонд 0.00 654981 ИП 784.7(092)/Д 50 654981 6 0.00 Дост: Pk Вид: Ф N: стар фонд Дата: 01.01.1990 Книги
Изтеглен Не е изгубен   Не е повреден без рестрикции заемане за дома 193516 Регионална библиотека "Любен Каравелов" Русе Регионална библиотека "Любен Каравелов" Русе Отчислена 2011-09-07 Отдел Изкуство - подръчен фонд 5.00 623498 ИП 784.7(092)Д 50 623498 7 2.56 Дост: DA Вид: А N: 14 Дата: 07.09.2011 Книги
Vip Innovations Ltd, Rousse, Bulgaria 2025